000 00411nam a2200157Ia 4500
008 230711s9999||||xx |||||||||||||| ||und||
041 _aENG
082 _a624
_bKH-N
100 _aKhan,Iqbal H
245 0 _aNumerical methods for engineers and scientists
250 _a1st . Ed.
260 _c1997
_aNew Delhi
_bGalgotia Publications Pvt.Ltd
650 _aMathematics
700 _aHassan,Quamrul
942 _cBK
999 _c3784
_d3784